000 01456nam0a22002651 4500
001 rc\192135
005 20030307113738.6
010 _a86911-112-9
_9150
035 _a(NLR Aleph) 005448119
090 _a4828414
_c4828414
100 _a20030307d1996 u |0rusy50 ca
101 0 _arus
102 _aRU
105 _ay |||||||||
200 1 _aПРОБЛЕМЫ качества образования
_eТез. докл. науч.-метод. конф., 23-28 мая 1996 г.
_f[Редкол.: Кусимов С.Т. и др.]
210 _aУфа
_cУфим. гос. авиац. техн. ун-т
_d1996
215 _a136 с.
_d20
300 _aВ надзаг.: Гос. ком. Рос. Федерации по высш. образованию, Гос. ком. Респ. Башкортостан по науке, высш. и сред. проф. образованию, Акад. естеств. наук Рос. Федерации, Союз науч. и инж. обществ, Ассоц. техн. ун-тов, Уфим. гос. авиац. техн. ун-т, Моск. ин-т стали и сплавов, Исслед. центр пробл. качества подгот. специалистов
320 _aБиблиогр. в конце докл.
702 1 _aКусимов
_bС. Т.
_gСалават Тагирович
_4340
801 0 _aRU
_bNLR
_gpsbo
801 1 _aRU
_bELAR
_2rusmarc
852 _aNLR
_j97-3/3294
942 _cBOOK
980 _aNB